| 000 | 00642nam a2200217Ia 4500 | ||
|---|---|---|---|
| 003 | GCL | ||
| 008 | 140319s9999 xx 000 0 ara d | ||
| 040 |
_aGCL / _cGCL |
||
| 082 | 0 | 4 |
_a321.862 _bط د |
| 100 | 1 | _aطارق البشرى | |
| 245 | 1 | 0 |
_aالديمقراطية ونظام 23 يوليو 1952_1970 / _cطارق البشرى |
| 260 |
_a[S.N] : _bدار الهلال للطباعة والنشر ، _c1991 |
||
| 300 | _a411 ص | ||
| 490 | _a | ||
| 650 | 0 | 4 | _aالعصر الحديث |
| 650 | 0 | 4 | _aمصر |
| 650 | 0 | 4 | _aتاريخ |
| 650 | 0 | 4 | _aالديمقراطية |
| 650 | 0 | 4 | _aثورة 23 يوليو 1952 |
| 942 |
_2ddc _cBK |
||
| 999 |
_c35432 _d35432 |
||